000 00551nam a2200181Ia 4500
001 48747
008 140430s9999 xx 000 0 und d
020 _a9780787985844
040 _cPK-LaUMT
082 _a 370.115
_bTEA-
100 _aTaylor, Edward W.
245 _aTeaching for change
_bfostering transformative learning in the classroom : new directions for adult and continuing education
_cTaylor, Edward W.
260 _aSan Francisco,USA:
_bJossy Bass,
_c2006
300 _a101 p.
546 _aEN
650 _aAdult learning
942 _cBK
999 _c46542
_d46542